| 000 | 00410nam a22001337a 4500 | ||
|---|---|---|---|
| 020 | _a0-07-99014-X | ||
| 082 | _a621.4021 ABB | ||
| 100 |
_aABBOTT, M.M,VAN NESS, H.C,NESS, H.C.VAN _974257 |
||
| 245 | _aTHEORY AND PROBLEMS OF THERMODYNAMICS INCLUDING 225 SOLVED PROBLEMS | ||
| 260 |
_aSINGAPORE _bSCHAUM SERIES _c1981 |
||
| 300 | _a344P | ||
| 650 |
_aTHEORY AND PROBLEMS OF THERMODYNAMICS _974258 |
||
| 942 | _cBK | ||
| 999 |
_c579814 _d579814 |
||